Interpretación del cuarto evangelio

Zapisane w:
Opis bibliograficzny
1. autor: Dodd, Charles Harold (Autor)
Format: Książka
Język:hiszpański
Wydane: Madrid Cristiandad 1978
Seria:Biblioteca Bíblica Cristiandad
Hasła przedmiotowe:
Etykiety: Dodaj etykietę
Nie ma etykietki, Dołącz pierwszą etykiete!

MARC

LEADER 00000nam a2200000 a 4500
001 UCL1270
003 CL-VaPUC
008 030905e19780000SP |||||||||||||||||spa|d
020 |a 8470572326 
082 0 4 |a 226.506  |b DOD  |2 21 
100 0 |a Dodd, Charles Harold  |e author  |9 478178 
245 1 0 |a Interpretación del cuarto evangelio 
300 |a 476 p 
942 |c BK 
945 |d 20030905 00:00:00  |a vberengu 
260 |a Madrid  |b Cristiandad  |c 1978 
650 0 |a Evangelios  |9 314864 
650 0 |a Evangelistas  |9 315131 
650 0 |a Nuevo testamento  |9 257604 
583 |a last modification  |c 20030905 00:00:00  |k Rodrigo Vera 
490 0 |a Biblioteca Bíblica Cristiandad 
999 |c 304914  |d 304912 
952 |0 0  |1 0  |4 0  |6 226_506000000000000_DOD_1978  |7 0  |8 A  |9 367746  |a BIBTEO  |b BIBTEO  |d 2019-11-21  |i 2076748  |o 226.506 DOD 1978  |p 2076748  |r 2025-01-17  |w 2019-11-21  |y BK  |k ICR